[Event "Enghien les Bains 3rd"]
[Site "Enghien les Bains"]
[Date "1999.03.03"]
[Round "1"]
[White "Beliavsky, Alexander G"]
[Black "Ponomariov, Ruslan"]
[Result "0-1"]
[WhiteElo "2650"]
[BlackElo "2609"]
[Annotator "Huzman,A"]
[PlyCount "68"]
[EventDate "1999.03.03"]
[EventType "tourn"]
[EventRounds "9"]
[EventCountry "FRA"]
[EventCategory "15"]
[SourceTitle "CBM 070"]
[Source "ChessBase"]
[SourceDate "1999.06.08"]
[SourceVersion "1"]
[SourceVersionDate "1999.06.08"]
[SourceQuality "1"]

1. d4 d5 2. c4 dxc4 3. e4 Nf6 4. Nc3 e5 5. Nf3 exd4 6. Qxd4 Qxd4 7. Nxd4 Bc5 8.
Ndb5 Na6 9. Bf4 c6 10. Nd6+ Bxd6 11. Bxd6 Be6 12. e5 (12. b3 O-O-O 13. e5 Ne8
14. Ba3 b5 $17 {0-1 Kiviaho,A-Kekki,P/FIN-chT 1987/EXT 87ch2 (30)}) (12. O-O-O
O-O-O 13. Be2 Ng4 (13... b5 14. f3 Ne8 15. Be7 Rxd1+ 16. Rxd1 Nec7 17. f4 Re8
18. Bd6 f5 $17 {0-1 Maki Uuro,M-Kekki,J/Helsinki 1994/EXT 99 (52)}) 14. Bxg4
Bxg4 15. f3 Be6 16. Ne2 f6 17. h4 Rd7 18. Nf4 Bf7 19. e5 Re8 20. Rhe1 fxe5 21.
Bxe5 Rde7 22. Bc3 Rxe1 23. Bxe1 $15 {1/2-1/2 Gurevich,M-Adianto,U/Manila 1992/
TD 92\02 (31)}) (12. f4 O-O-O 13. O-O-O Ne8 14. Be7 Rxd1+ 15. Kxd1 f6 16. f5
Bf7 17. e5 Kd7 18. Ba3 fxe5 $19 {0-1 Nikolaidis,I-Greenfeld,A/Moscow 1994/CBM
45 (49)}) 12... Nd7 13. Be2 (13. b4 f6 14. f4 fxe5 15. fxe5 O-O-O 16. b5 Nac5
17. bxc6 bxc6 18. O-O-O Nb7 19. Be2 Ndc5 $15 {0-1 Epishin,V-Dorfman,J/Belgrade
1988/CBM 10 (59)}) (13. b3 O-O-O 14. bxc4 f6 15. f4 Rhe8 16. Kf2 g5 17. g3 fxe5
18. fxe5 Bf5 19. Re1 Re6 20. g4 Bg6 $17 {1-0 Borges Mateos,J-Yakovich,Y/Santa
Clara 1990/EXT 90 (51)}) (13. f4 O-O-O 14. Be2 f6 15. O-O fxe5 16. fxe5 Rde8
17. Rf4 Nc7 18. Re1 b5 19. Bf3 Nd5 20. Bxd5 Bxd5 21. Nxd5 cxd5 22. Rf7 $44 {
0-1 Ker,A-Adianto,U/Genting 1995/EXP 47 (35)}) 13... f5 $5 {With the help of
this strong move the black prevent the developing of the white initiative on
the king's side.After this they can use their material advantage on the
queen's side.} (13... O-O-O 14. O-O {[%cal Gf2f5]}) 14. O-O (14. exf6 Nxf6 15.
O-O O-O-O $17) 14... Nac5 15. Rad1 Kf7 16. f4 g6 (16... b5 $5 17. g4 g6) 17.
Rd4 b5 18. Bf3 Rac8 19. Bxc5 (19. Rfd1 b4 20. Ne2 Nd3 $17) 19... Nxc5 20. Rd6
b4 (20... Nd3 21. Bxc6 b4 22. Nb5 $132) 21. Ne2 Rhd8 $17 22. Rfd1 (22. Nd4 Rxd6
23. exd6 Bd5 24. Re1 Re8 25. Rxe8 (25. Re5 Nd3 26. Bxd5+ cxd5 27. d7 Rd8 28.
Rxd5 Nxf4 $19) 25... Kxe8 26. Nxc6 Bxf3 27. gxf3 c3 $19) 22... Nd3 23. Nd4 (23.
Rxd8 Rxd8 24. Bxc6 Rc8 $19) 23... Rxd6 24. exd6 c5 (24... Nxb2 $2 25. Re1 Bd5
26. d7 Rd8 27. Bxd5+ cxd5 28. Nc6 Rxd7 29. Ne5+ $18) (24... Bd5 $5 25. b3 (25.
d7 Rd8 26. Nxc6 Bxc6 27. Bxc6 Nxb2 28. Re1 c3 $17) 25... Bxf3 26. Nxf3 (26.
gxf3 c5 27. bxc4 cxd4 28. d7 Rd8 29. Rxd3 Rxd7 $19) 26... c3 27. Ng5+ (27. Nd4
Rd8 $1 28. Rxd3 Rxd6 $19) 27... Kg8 28. Ne6 c2 29. Rf1 c1=Q 30. Rxc1 Nxc1 31.
d7 Rb8 32. d8=Q+ Rxd8 33. Nxd8 c5 34. Kf2 (34. Nb7 c4 35. bxc4 Nxa2 $19) 34...
Nxa2 $19) 25. Nc6 $1 {[%cal Gd6d8]} Kf6 26. Rd2 Bd7 $1 (26... Ne1 $2 27. Bd5 $1
c3 28. bxc3 bxc3 29. Rd1 Bxd5 30. d7 $18) 27. Ne7 (27. Nxa7 Re8 28. g3 Re1+ 29.
Kg2 Re3 $1 $19 {[%cal Yc4c1]} (29... Re6 $5) (29... Rb1 $5)) 27... Rd8 28. Nd5+
(28. Be2 Be6 29. Bxd3 Rxd6 $19) 28... Kf7 29. b3 Re8 $1 (29... cxb3 30. axb3
Nc1 (30... Ne1 31. Be2 Be6 32. Ne3 $132 {[%csl Re1]}) 31. Nc7 Kf6 32. Bd5 $44 {
[%csl Rc1]}) 30. Ne7 (30. h3 Re1+ 31. Kh2 c3 32. Rxd3 c2 $19) 30... c3 $1 $19
31. Re2 Nxf4 32. Re5 Nd3 33. Re2 Bb5 34. h4 Rd8 0-1

[Event "RUS-chT 07th"]
[Site "Smolensk"]
[Date "2000.04.16"]
[Round "2"]
[White "Volkov, Sergey"]
[Black "Raetsky, Alexander"]
[Result "1/2-1/2"]
[WhiteElo "2582"]
[BlackElo "2428"]
[Annotator "Huzman,A"]
[PlyCount "92"]
[EventDate "2000.04.15"]
[EventType "team-tourn"]
[EventRounds "11"]
[EventCountry "RUS"]
[SourceTitle "CBM 077"]
[Source "ChessBase"]
[SourceDate "2000.07.27"]
[SourceVersion "1"]
[SourceVersionDate "2000.07.27"]
[SourceQuality "1"]
[WhiteTeam "Sankt Petersburg Chess Federation"]
[BlackTeam "Voronezh OShK"]
[WhiteTeamCountry "RUS"]
[BlackTeamCountry "RUS"]

1. d4 d5 2. c4 dxc4 3. e4 e5 4. Nf3 exd4 5. Bxc4 Bb4+ 6. Bd2 Bxd2+ 7. Nbxd2 Nc6
8. O-O Nh6 9. Nb3 O-O (9... Bg4 10. Bb5 (10. Nbxd4 Nxd4 11. Qxd4 Qxd4 12. Nxd4
O-O-O 13. Nb3 Rhe8 14. Rac1 Be6 15. h3 {1/2-1/2 Tisdall,J-Westerinen,H/Gausdal
1995/CBM 46 ext (15)}) 10... O-O 11. Bxc6 bxc6 12. h3 Bxf3 13. Qxf3 Rb8 14.
Rac1 Qd6 15. Rc4 f5 16. Rxd4 $16 {1-0 Harovelo,I-Schuh,H/Germany 1996/EXT 98 
(29)}) 10. Nbxd4 Nxd4 11. Qxd4 Bg4 (11... Qe7 12. Rfe1 Rd8 13. Qc3 c6 14. h3
Be6 15. Bxe6 fxe6 16. a4 Nf7 17. Rad1 {1/2-1/2 Zaichik,G-Heuer,V/Riga 1975/MCD
(17)}) 12. Qc3 (12. Qxd8 Raxd8 13. Ne5 Rd2 14. f3 Be6 15. Bxe6 fxe6 16. Nc4 Rd4
17. Rac1 c5 18. Ne5 Nf7 19. Nxf7 Rxf7 20. Rxc5 Rd2 21. Rf2 Rd1+ 22. Rf1 Rd2 23.
Rf2 {1/2-1/2 Schmidt,W-Dobrovolsky,L/Trnava 1983/MCD (23)}) 12... Bxf3 13. Qxf3
Qd4 14. b3 (14. Qe2 Rfe8 15. Rfe1 Rad8 16. Rad1 Qe5 17. Rxd8 Rxd8 18. Bb3 Kf8
19. h3 c6 20. g3 $1 $14 {1/2-1/2 Mecking,H-Seirawan,Y/Sao Paulo (m4) 1992/})
14... Rad8 15. Rad1 Qe5 16. h3 {[%cal Gf3e3,Gf2f4]} c6 17. Qe3 $14 b6 (17...
Qa5 18. a4 Rfe8 19. f4 $14 {[%csl Rh6]} Nf5 20. Rxd8 Qxd8 21. Qxa7 Ng3 22. Rf3
Nxe4 23. Qxb7 $16) 18. a4 Rfe8 19. g4 {[%cal Gg4g5]} (19. f4 Qe7 20. g4 $14)
19... Kf8 20. f4 Qb2 21. e5 Ng8 22. Qe4 (22. Rd3 $1 Ne7 23. Rfd1 Rxd3 24. Qxd3
$14) 22... Qc3 $1 23. Qxc6 (23. Rd3 Rxd3 24. Qxd3 Qxd3 25. Bxd3 h6 (25... Rd8
26. Bxh7 Ne7 27. Be4 $16) 26. Be4 c5 $132 {[%cal Yg7g5]}) 23... Qxh3 (23... Ne7
24. Qg2 Qe3+ 25. Kh1 Rxd1 26. Rxd1 $16) 24. Qg2 Qe3+ 25. Qf2 Qh3 26. Be2 (26.
Qe2 Nh6 27. g5 Nf5 $17) (26. Qg2 Qe3+ $11) 26... Qxb3 27. Rb1 Qc3 28. Rbc1 Qd4
$6 (28... Qb2 29. Rb1) 29. Bb5 Qxf2+ 30. Rxf2 Re7 31. Rd2 $44 Rb8 32. Rd5 g6 (
32... f6 33. Rcd1) 33. f5 $6 gxf5 34. gxf5 f6 $1 35. e6 Rg7+ 36. Kh2 Ne7 37.
Rd7 $1 Nxf5 38. Rf1 Rxd7 39. Bxd7 Nd6 40. Rxf6+ Ke7 41. Rh6 Rh8 42. Rh4 $1 h5
43. a5 bxa5 44. Ra4 Nb7 45. Bc6 Nc5 (45... Rb8) 46. Rxa5 Nxe6 1/2-1/2

[Event "Olympiad-33"]
[Site "Elista"]
[Date "1998.10.07"]
[Round "9.1"]
[White "Miladinovic, Igor"]
[Black "Nikolic, Predrag"]
[Result "0-1"]
[WhiteElo "2555"]
[BlackElo "2640"]
[Annotator "Huzman,A"]
[PlyCount "160"]
[EventDate "1998.09.29"]
[EventType "team-swiss"]
[EventRounds "13"]
[EventCountry "RUS"]
[SourceTitle "CBM 068"]
[Source "ChessBase"]
[SourceDate "1999.02.01"]
[SourceVersion "1"]
[SourceVersionDate "1999.02.01"]
[SourceQuality "1"]
[WhiteTeam "Greece"]
[BlackTeam "Bosnia&Herzegovina"]
[WhiteTeamCountry "GRE"]
[BlackTeamCountry "BIH"]

1. d4 d5 2. c4 dxc4 3. e3 e6 4. Bxc4 Nf6 5. Nc3 a6 6. Qf3 {A new original plan
which prevents black from developing his bishop to b7.} Bd6 7. Nge2 Nc6 {
Black are correctly trying to solve the c8 bishop problem by playing e6-e5,
exploiting the fact that white's Q on f3 took the natural place of the knight.}
8. h3 Qe7 9. O-O e5 10. Ng3 {An interesting idea. White are trying to use his
development advantage They open position by pawn sac} exd4 11. exd4 Nxd4 12.
Qd3 Nc6 13. Bg5 Ne5 14. Qc2 Nxc4 15. Nd5 Qd8 (15... Qe6 16. Rfe1 Nxd5 (16...
Ne5 17. Nxc7+ Bxc7 18. Qxc7 $16) 17. Rxe6+ Bxe6 18. Qxc4 O-O $11) 16. Nh5 (16.
Qxc4 Be6 17. Bxf6 gxf6 18. Ne4) 16... Bh2+ 17. Kxh2 Qxd5 18. Rfe1+ Kf8 (18...
Be6 19. Nxg7+ Ke7 20. Nf5+ Kf8 21. Bh6+ Ke8 22. Rad1 Qc6 23. Ng7+ Ke7 24. Bg5
$40 {+/-}) 19. Nxf6 Qd6+ 20. f4 Be6 21. Rad1 Qc6 22. f5 (22. b3 $5 Nd6 23. Qxc6
bxc6 24. Ne4 $44) 22... gxf6 23. Bxf6 (23. Bh6+ $1 Ke7 24. fxe6 fxe6 (24... Ne5
25. Qf2 fxe6 26. Rxe5 fxe5 27. Bg5+ Ke8 28. Qf6 $18) 25. Bg7 Rhg8 26. Qxh7 $16)
23... Rg8 24. fxe6 fxe6 25. Qf2 (25. Rd4 b5 (25... Ne5 26. Qxc6 Nxc6 27. Rd7
$16) 26. b3 Na5 (26... e5 27. Be7+ $1 Kxe7 28. Qxh7+ $18) 27. Qxc6 Nxc6 28. Rd7
$16) 25... Rg6 (25... Ke8 26. g4 $1 $40 {[%cal Gf2f5]}) 26. Rf1 Kg8 27. Bc3 (
27. Bd8 Qe8 28. Bxc7 $16) 27... Nd6 28. g3 Qe8 (28... Nf5 29. g4 Nd6 30. Qd4
$18) 29. Rde1 (29. Qd4 e5 30. Qd5+ Qe6 $14) (29. Qf4 $5 h6 30. Be5 $36) 29...
Nf7 30. Qe3 Rd8 $13 31. Bf6 (31. Re2 e5 32. Ref2 Rd7) 31... Rd6 32. g4 e5 33.
g5 Qd7 $17 {[%csl Rh2][%cal Yd6d3,Yd3h3,Yd7h3]} 34. Rf3 Rd2+ 35. Re2 Nxg5 $1
36. Qb3+ (36. Bxg5 Rxe2+ 37. Qxe2 Rxg5 $19) 36... Qd5 (36... Nf7 $5 $19) 37.
Qxd5+ Rxd5 38. Rf5 Nf7 39. Ref2 Nh6 40. Rxe5 Ng4+ $1 41. hxg4 Rxf6 42. Re8+ Kf7
43. Rfe2 Rf2+ 44. Rxf2+ Kxe8 $19 45. Kg3 {[%cal Gf2h2,Gh2h7]} h6 46. Kf4 Ke7
47. Rh2 Rd6 {Black's plan is to activate his Q side pawns, and then by
sacrifising the h pawn to achieve a decisive progress on the Q side.} 48. Ke5
a5 49. Rc2 Kd7 50. Rf2 b5 51. Rf7+ Kc6 52. Rh7 a4 53. a3 Kb6 54. Rh8 Kc5 55.
Rh7 Rc6 56. Rd7 Kb6 57. Rh7 Rd6 58. Rh8 Rg6 59. Kf5 Rc6 60. Ke4 Kc5 61. Kd3 b4
62. Ra8 Rd6+ 63. Kc2 b3+ 64. Kc3 Kb5 65. Rb8+ Rb6 66. Ra8 c5 67. Rg8 Rf6 68.
Rb8+ Kc6 69. Rc8+ Kb6 70. Rb8+ Kc7 71. Ra8 Rf4 72. Ra7+ Kb6 73. Rh7 Rf2 74.
Rxh6+ Kb5 75. g5 Rc2+ 76. Kd3 Rxb2 77. g6 Rg2 78. Kc3 Rg3+ 79. Kd2 c4 80. Ke2
c3 0-1

[Event "Pamplona 9798 8th"]
[Site "Pamplona"]
[Date "1998.01.01"]
[Round "5"]
[White "Bacrot, Etienne"]
[Black "Granda Zuniga, Julio E"]
[Result "1/2-1/2"]
[WhiteElo "2545"]
[BlackElo "2625"]
[Annotator "Huzman,A"]
[PlyCount "65"]
[EventDate "1997.12.28"]
[EventType "tourn"]
[EventRounds "9"]
[EventCountry "ESP"]
[EventCategory "13"]
[SourceTitle "CBM 063"]
[Source "ChessBase"]
[SourceDate "1998.03.26"]
[SourceVersion "1"]
[SourceVersionDate "1998.03.26"]
[SourceQuality "1"]

1. d4 d5 2. c4 dxc4 3. e4 c5 4. d5 Nf6 5. Nc3 b5 6. Bf4 (6. Nxb5 Qa5+ 7. Nc3
Nxe4 8. Bd2 Nxd2 9. Qxd2 Ba6 10. Nf3 Nd7 11. Be2 g6 12. O-O Bg7 13. d6 exd6 14.
Qxd6 Qb6 15. Rad1 Qxd6 16. Rxd6 Nb6 17. a4 Ke7 $15 {1-0 Kortschnoj,V-Lindinger,
M/Wichern op 1997 (35)}) 6... Ba6 (6... a6 7. e5 b4 8. exf6 bxc3 9. bxc3 Nd7 (
9... gxf6 10. Bxc4 Nd7 11. Qa4 Bg7 12. Qc6 Ra7 13. Rb1 O-O 14. d6 exd6 15. Bxd6
Ne5 16. Bxe5 Re8 17. Ne2 fxe5 18. Qxc5 Rc7 $44 {1-0 Markeluk,S-Juarez,A/
Acasusso op 1991 (34)}) 10. Nf3 (10. Qa4 Qb6 11. fxe7 Bxe7 12. Bxc4 Qb2 13. Rc1
Bd6 14. Be3 Rb8 15. Nf3 O-O 16. Bd3 f5 17. O-O $16 {1-0 Markeluk,S-Juarez,A/
Buenos Aires BCA op 1989 (21)}) 10... Nb6 11. Bxc4 gxf6 12. Qb3 Rg8 13. O-O Rg4
14. d6 e6 15. g3 Nxc4 16. Qxc4 Bb7 17. h3 Rxf4 18. Qxf4 Bxd6 19. Qe3 Qc7 $44 {
0-1 Beliavsky,A-Ehlvest,J/Belfort WCup 1988 (41)}) (6... Qa5 7. Bd2 (7. f3 g5 (
7... Nh5 8. Bd2 Nd7 9. f4 g6 10. Be2 Bg7 11. e5 b4 12. Qa4 Qxa4 13. Nxa4 Ba6
14. g4 Nxf4 15. Bxf4 Bb5 16. b3 Bxa4 17. bxa4 Nxe5 $44 {1-0 Vyzmanavin,
A-Azmaiparashvili,Z/Elenite 1994 (40)}) 8. Bxg5 Nbd7 (8... Bg7 9. Bd2 Nbd7 10.
Nh3 Ne5 11. Nf2 b4 12. Qa4+ Qxa4 13. Nxa4 Nfd7 14. f4 Ng6 15. Bxc4 $18 {
1-0 Ionov,S-Danielian,E/Cappelle op 1996 (34)}) 9. Nge2 Bg7 10. Ng3 b4 11. Na4
Ne5 12. Be3 h5 13. h4 Bh6 14. Bxh6 Rxh6 15. a3 Qc7 16. f4 {1/2-1/2 Kuzmin,
A-Murshed,N/Doha 1993}) (7. a4 Nxe4 8. Nge2 Nd6 9. axb5 Qb6 10. Ng3 $5 $146 (
10. Bxd6 exd6 11. Ng3 Be7 12. Bxc4 O-O 13. O-O Bf6 14. Qc2 $14 {Beliavsky,
A-Kamsky,G/Linares/1993/0:1 (35) Inf 57/384/}) 10... Nd7 11. Bxd6 Qxd6 12. Nge4
$5 Qe5 13. Be2 g6 14. O-O Bg7 15. d6 Nb6 16. dxe7 Kxe7 17. Bf3 Be6 18. Nd2 Rad8
19. Rxa7+ Kf8 $132 {Azmaiparashvili,Z-Granda Zuniga,J/Groningen PCA 1993/0-1 
(41)}) (7. e5 Ne4 8. Nge2 Na6 9. f3 Nb4 $1 (9... Nxc3 10. Nxc3 Bf5 11. g4 Bg6
12. a4 Nb4 13. Kf2 Bd3 14. axb5 Qb6 15. Be3 g6 16. Bxd3 Nxd3+ 17. Kg2 Bg7 18.
f4 g5 19. Ra6 Qb7 20. Qa4 $13 {1-0 Beliavsky,A-Anand,V/Linares 1993 (44)}) 10.
fxe4 Nd3+ 11. Kd2 g6 $3 $44 12. e6 (12. b3 Bg7 13. bxc4 Nxf4 14. Nxf4 Bxe5 15.
Nfe2 b4 16. Qa4+ Qxa4 17. Nxa4 Bxa1 18. Nxc5 O-O $1 $19 {0-1 Gelfand,B-Anand,V/
Linares 1993 (40)}) 12... Nf2 13. Qe1 Nxh1 14. a4 fxe6 15. axb5 Qb4 16. Kc1 e5
17. Be3 Rb8 18. Ra4 Qb3 19. Ra3 Qb4 20. Qd2 $44 {[%csl Rb4] Beliavsky,A-Comp
Fritz4/SLO-Fritz4 rapid 1996/1-0 (54)}) 7... Nbd7 (7... b4 8. e5 bxc3 9. Bxc3
Qa6 10. exf6 exf6 11. b3 Be7 12. Bxc4 Qd6 13. Ne2 O-O 14. O-O $14 {Shirov,
A-Kramnik,V/Linares/1993/1:0 (37) Inf 57/382/ (14)}) 8. Nf3 Ng4 9. Ng5 h5 10.
h3 Nge5 11. f4 Nd3+ 12. Bxd3 cxd3 13. e5 Nb6 14. Nce4 b4 15. a3 Nxd5 16. axb4
Qb5 17. Ra5 Qb8 18. Nxc5 $16 {1/2-1/2 Bern,I-Fant,G/Arnold Cup 1993 (37) @}) 7.
Qf3 $146 {[%cal Ge4e6,Gf3a8,Gf3f7]} (7. e5 b4 (7... Nfd7 $5 8. Nf3 (8. e6 Nb6
9. exf7+ Kxf7 10. Qf3 Ke8 11. O-O-O $16) 8... b4 9. Ne4 Nb6 10. d6 N8d7 11. Qe2
$44 {/\ 0-0-0 [+] |^}) 8. exf6 bxc3 9. bxc3 gxf6 (9... Qa5 10. Qf3 Nd7 (10...
gxf6 11. d6 Bb7 12. Qxb7 Qxc3+ 13. Bd2 Qxa1+ 14. Ke2 exd6 15. Qxa8 Qb1 16. Qd5
$14) 11. fxe7 (11. d6 Bb7 $1 12. Qxb7 Qxc3+ 13. Ke2 Qd3+ 14. Ke1 Qc3+ $10)
11... Bxe7 12. d6 Bd8 13. Qe4+ Kf8 14. Rc1 Rb8 15. Be2 Bf6 $17 {Adianto-Granda
Zuniga/Amsterdam Donner/ ;CBM 55} (15... Bf6 16. Kf1 Re8 17. Qc2 Ne5 {[%cal
Re5d3]} 18. Bxe5 $8 Rxe5 $15 {1-0 Adianto,U-Granda Zuniga,J/Donner mem 1996 
(37)}) (15... Bb7 $5 16. Qf5 Bxg2 17. Qxd7 Rb7 18. Qc8 Bxh1 19. Nf3 Rb2 $17))
10. Rb1 Nd7 11. Qa4 Qc8 12. Bxc4 Bxc4 13. Qxc4 Nb6 $132 {[%csl Rd5] = CBM 55-3.
e4 c5 4.d5 Nf6 5.Nc3 b5 6.B/ Survey 1996 (17)}) (7. a3 e6 8. Nf3 Qb6 9. Qc2
Nbd7 10. Be2 exd5 11. Nxd5 Nxd5 12. exd5 Bd6 13. Qe4+ Kd8 14. Ng5 Rf8 15. O-O
$36 {1-0 Paulsen,D-Erler,R/BL2-N9697 1997 (28)}) (7. f3 e6 8. dxe6 Qxd1+ 9.
Kxd1 b4 10. exf7+ Kxf7 11. Na4 Nc6 12. b3 Rd8+ 13. Ke1 Nd7 14. Rd1 Be7 15. Bc7
$16 {0-1 Karpov,A-Adianto,U/Jakarta m 25' blindfold 1997 (31)}) 7... b4 (7...
Nbd7 $5 8. e5 b4 (8... g5 9. Bg3 b4 10. Ne4 (10. exf6 bxc3 11. bxc3 Nxf6 12. d6
$13) 10... Nxe4 (10... g4 11. Nxf6+ Nxf6 (11... exf6 12. Qxg4 Nxe5 13. Bxe5
fxe5 14. Bxc4 $16) 12. Qd1 $1 {[%cal Gd1a4,Ga4e8,Ga5a6,Ga4a6]} Nd7 13. Qxg4 $16
) 11. Qxe4 Bg7 12. Nf3 $44) 9. Nce2 (9. Nb1 g5 10. Bg3 g4 11. Qd1 Ne4 12. e6
Nb6 13. exf7+ Kxf7 14. Qxg4 Qxd5 $17) (9. Nd1 g5 10. exf6 (10. Bg3 g4 11. Qf5
Nxd5 12. e6 N7f6 $17)) 9... g5 10. exf6 gxf4 11. fxe7 Bxe7 12. Nxf4 Ne5 $132)
8. Nd1 {[%cal Gd1e3,Gf1c4,Ge3c4]} g6 (8... e6 $5 9. Ne3 (9. dxe6 fxe6 {[%cal
Yb8c6,Yc6d4]} 10. e5 Nd5 11. Ne3 Nc6 $132) 9... exd5 (9... c3 10. Bxa6 Nxa6 11.
bxc3 bxc3 12. Ne2 $44) 10. exd5 Bd6 11. Bxc4 Bxc4 12. Nxc4 Bxf4 13. d6 Nbd7 (
13... O-O $5 14. Qxa8 Re8+ 15. Ne2 Re4 16. b3 (16. g3 Bh6 17. b3 Qe8 $44 18.
Ne3 Bxe3 19. fxe3 Rxe3 20. Qg2 Nc6 $40 {[%cal Yc6d4]}) 16... Qe8 17. O-O Rxe2
18. Qxa7 Nbd7 $15) 14. Qxf4 O-O 15. O-O-O Re8 16. f3 Qc8 $132 {[%cal Yc8a6]})
9. Ne3 Bg7 (9... c3 $1 10. bxc3 (10. Bxa6 Nxa6 11. bxc3 Bg7 12. Be5 O-O {@} 13.
Ne2 $140 Nxd5 14. Bxg7 Nxe3) 10... Bxf1 11. Nxf1 (11. Kxf1 bxc3 12. Be5 Bg7 13.
Ne2 (13. Bxc3 $2 Nxe4) 13... O-O 14. Bxc3 $14) 11... bxc3 12. Qxc3 Bg7 {@}) 10.
Bxc4 Bxc4 (10... Nh5 11. Bxb8 Bxc4 12. Nxc4 Qxb8 13. Ne2 $16) 11. Nxc4 Nbd7 12.
Qe2 {[%cal Gg1f3]} (12. e5 Nh5 13. e6 fxe6 14. dxe6 O-O $1 $17 {[%cal Yf8f3,
Yh5f4]}) (12. Ne2 $5 Nb6 13. Ne5 {[%cal Ge5c6]}) 12... Nb6 13. Be5 (13. Nf3
Nxc4 14. Qxc4 Nd7 15. e5 (15. Qc2 O-O 16. O-O Rc8 $132 {[%cal Yc5c4]}) 15...
O-O $132 {[%cal Gd7b6]}) 13... Nxc4 14. Qxc4 O-O 15. Nf3 Nd7 16. Bxg7 Kxg7 17.
O-O $14 Qc7 18. Rfe1 Nb6 19. Qe2 (19. Qd3 Rfd8 {[%cal Yd8d3,Ye7e6]}) 19... Rfe8
{[%cal Ye7e6]} 20. Red1 Rad8 21. Rac1 e6 $11 22. Qb5 $1 exd5 23. exd5 Rc8 $1 {
[%csl Rd5][%cal Ye8d8,Yd8d5,Yb6d5]} 24. d6 Qc6 25. Qxc6 (25. Nd4 Qxb5 26. Nxb5
Re2 {-see game.}) 25... Rxc6 26. Nd4 Rcc8 27. Nb5 Re2 28. g3 (28. Rb1 Rd8 29.
Kf1 Rc2 30. Rdc1 Rxc1+ 31. Rxc1 c4 $11) (28. Nxa7 Ra8 29. d7 (29. Nc6 Nd7 (
29... Rxa2 $5 30. d7 Nxd7 31. Rxd7 Raxb2 32. Rf1 c4 $44) 30. a3 bxa3 31. bxa3
Rxa3 $11) 29... Rd8 30. Rxc5 Rxd7 31. Kf1 Rxb2 32. Rxd7 Nxd7 33. Rb5 $11) 28...
Rxb2 29. Nxa7 Ra8 30. d7 Rd8 31. Rxc5 Rxd7 32. Rxd7 Nxd7 33. Rb5 (33. Rb5 Rxa2
34. Nc6 Nf6 35. Rxb4 $11) 1/2-1/2

[Event "Olympiad-33"]
[Site "Elista"]
[Date "1998.10.12"]
[Round "13.1"]
[White "Nikolic, Predrag"]
[Black "Fominyh, Alexander"]
[Result "1-0"]
[WhiteElo "2640"]
[BlackElo "2530"]
[Annotator "Huzman,A"]
[PlyCount "39"]
[EventDate "1998.09.29"]
[EventType "team-swiss"]
[EventRounds "13"]
[EventCountry "RUS"]
[SourceTitle "CBM 068"]
[Source "ChessBase"]
[SourceDate "1999.02.01"]
[SourceVersion "1"]
[SourceVersionDate "1999.02.01"]
[SourceQuality "1"]
[WhiteTeam "Bosnia&Herzegovina"]
[BlackTeam "Russia III"]
[WhiteTeamCountry "BIH"]
[BlackTeamCountry "RUS"]

1. d4 d5 2. c4 dxc4 3. e4 Nf6 4. e5 Nd5 5. Bxc4 Nc6 6. Ne2 Bf5 {I think it's
an unaccuracy which allows White to gain a tempi by playing Ba2 immediately
without wasting time on Bb3.} (6... Nb6 $142) 7. a3 $1 e6 8. O-O Be7 9. Nbc3
Nb6 10. Ba2 O-O {After this move White are getting a very strong attack with
an energetic play. And the lost tempi is becoming important.} (10... Qd7 $5 11.
Be3 O-O-O) 11. Be3 Qd7 12. Ng3 Bg6 $2 ({Black's best chance was to try to
create a counterplay against the d4 pawn by:} 12... Rad8 13. Nxf5 exf5 14. Qf3
$1 (14. Ne2 Nd5 15. Qc2 f4 (15... Nxe3 16. fxe3 Bg5 17. Rf3 $16) 16. Bxd5 (16.
Nxf4 Nxf4 (16... Nxd4 17. Bxd4 Nxf4 18. Rad1 Qg4 (18... Nxg2 $4 19. e6 $18) 19.
f3 Qg5 20. g3 $16) 17. Bxf4 Nxd4 (17... Qxd4 18. Bg3 Qd2 19. Rac1 $14) 18. Qe4
Qg4 19. Rfe1 $14) 16... fxe3 17. Bxc6 exf2+ 18. Rxf2 Qxc6 (18... bxc6 19. b4 a5
20. bxa5 Qd5 $132 {[%cal Yc6c5]}) 19. Qxc6 bxc6 20. b4 (20. Rc1 c5 21. dxc5 Rd5
22. b4 Rfd8 $15) 20... Bg5 (20... a5 21. bxa5 Ra8 22. Rc1 c5 $132) 21. Rf3 Rfe8
$132 {[%cal Yf7f6]}) 14... Nxd4 15. Bxd4 Qxd4 16. e6 (16. Qxb7 Qxe5 17. Rfe1
Qc5 {[%cal Yd8d2]}) 16... fxe6 17. Bxe6+ (17. Qxb7 $5) 17... Kh8 18. Qxb7 Bd6
19. Rfe1 $14 {[%csl Rb6]}) 13. f4 h6 (13... Rad8 14. d5 Nxd5 (14... exd5 15. f5
d4 16. fxg6 (16. e6 Qe8 17. fxg6 fxg6) 16... dxe3 17. gxf7+ Kh8 18. e6 $16 (18.
Qh5 Qd4 $1)) 15. Nxd5 exd5 16. f5 $18) (13... Bh4 14. Nge4 (14. d5 Nxd5 15.
Nxd5 exd5 16. f5 (16. Qxd5 Qxd5 17. Bxd5 $14 {/+/-})) 14... Ne7 15. Nc5 Qc8 16.
Qf3 (16. g4 $5 $16 {[%csl Rg6]}) 16... Nf5 17. Bf2 $14) 14. d5 $1 exd5 (14...
Nxd5 15. Nxd5 exd5 16. f5 Bh7 17. f6 $40) 15. f5 d4 (15... Bh7 16. f6 d4 17. e6
$1 fxe6 18. Qg4 $18) 16. fxg6 (16. e6 $5 Qd8 17. fxg6 dxe3 18. gxf7+ $16) 16...
dxe3 17. Qh5 Qd4 (17... Kh8 $8 18. gxf7 (18. Rad1 fxg6) 18... Qd4 19. Rad1 Qh4
(19... Qxe5 20. Rf5 $18) 20. Qxh4 Bxh4 21. e6 $18) 18. Nf5 $1 $18 Qxe5 19.
Nxh6+ gxh6 20. Qxh6 (20. Qxh6 Qg7 21. gxf7+ Rxf7 22. Bxf7+ Qxf7 23. Rxf7 $18)
1-0

[Event "RUS-chT 07th"]
[Site "Smolensk"]
[Date "2000.04.21"]
[Round "7"]
[White "Dreev, Alexey"]
[Black "Fominyh, Alexander"]
[Result "1/2-1/2"]
[WhiteElo "2680"]
[BlackElo "2551"]
[Annotator "Huzman,A"]
[PlyCount "44"]
[EventDate "2000.04.15"]
[EventType "team-tourn"]
[EventRounds "11"]
[EventCountry "RUS"]
[SourceTitle "CBM 077"]
[Source "ChessBase"]
[SourceDate "2000.07.27"]
[SourceVersion "1"]
[SourceVersionDate "2000.07.27"]
[SourceQuality "1"]
[WhiteTeam "Maykop Universitet"]
[BlackTeam "Novosibirsk Transsib"]
[WhiteTeamCountry "RUS"]
[BlackTeamCountry "RUS"]

1. d4 d5 2. c4 dxc4 3. e4 Nf6 4. e5 Nd5 5. Bxc4 Nc6 6. Nc3 Nb6 7. Bb5 Bd7 8.
Nf3 (8. Be3 e6 9. a3 Ne7 10. Bd3 Bc6 11. Nf3 (11. Qg4 Qd7 12. Nge2 O-O-O 13.
O-O f5 $15 {0-1 Sokolin,L-Kaidanov,G/USA (ch) 74/402 1998/}) 11... Nf5 12. O-O
Nd5 13. Qe2 Be7 14. Rac1 Qd7 15. Ne4 O-O 16. Ng3 Nxg3 17. hxg3 a6 18. Nd2 Bb5
$11 {1/2-1/2 Groszpeter,A-Horvath,G/HUN 1992/EXT 2000 (44)}) (8. a3 a6 9. Be2
Bf5 10. Nf3 e6 11. O-O Be7 12. Be3 O-O 13. b4 Qd7 14. Qb3 Rfd8 15. Rfd1 Qe8 16.
Ne1 a5 17. bxa5 Nxa5 18. Qa2 Nac4 19. a4 Nxe3 20. fxe3 Nxa4 $17 {0-1 Seres,
L-Zontakh,A/Budapest 1999/CBM 69 ext (31)}) 8... e6 9. a3 Ne7 10. Bd3 Bc6 11.
O-O Nf5 (11... Qd7 12. Ne4 Ng6 13. h4 O-O-O 14. g3 Qd5 15. h5 f5 16. exf6 gxf6
17. hxg6 hxg6 18. Re1 f5 19. Bg5 Rd7 20. Rc1 Rdh7 21. Bh4 $16 {1-0 Topalov,
V-Sadler,M/Monte Carlo 1998/CBM 63 ext (28)}) 12. Bxf5 $5 exf5 13. e6 fxe6 14.
Re1 (14. Ne5 g6 15. Nxc6 bxc6 16. Re1 Kf7 17. Bf4 Bd6 18. Qf3 Bxf4 19. Qxf4 Qd6
$11) 14... Be7 15. Ne5 (15. Rxe6 Qd7 (15... O-O 16. Qb3 Kh8 17. Ne5 Bf6) 16.
Re1 (16. Qe1 Bxf3 17. gxf3 Kf7) 16... Bxf3 17. Qxf3 O-O-O $11) 15... O-O 16.
Nxc6 bxc6 17. Rxe6 (17. Qe2 Bd6 18. Qxe6+ Kh8 $11) 17... Bd6 18. Qf3 Qd7 19.
Re1 Rae8 $11 20. Bf4 Rxe1+ 21. Rxe1 Re8 22. Rxe8+ Qxe8 1/2-1/2